| 000 | 01845nam0a2200349 i 4500 | ||
|---|---|---|---|
| 001 | RU\NLR\BIBL_A\010362713 | ||
| 005 | 20260408015454.0 | ||
| 010 |
_a9785425902214 _9100 |
||
| 021 |
_aRU _b2014-24115 _91497 |
||
| 035 | _a(NILC)RuMoRGB-006771318 | ||
| 035 | _a(NLR Aleph) 010362713 | ||
| 090 |
_a9583189 _c9583189 |
||
| 100 | _a20140530d2013 km y0rusy50 ca | ||
| 101 | 0 | _arus | |
| 102 | _aRU | ||
| 105 | _aa|||z||||01yy | ||
| 200 | 1 |
_aИнституциональные аспекты корпоративного управления _eматериалы II Межвузовской научно-практической конференции _f[под общ. ред. д. э. н., проф. Н. В. Овчинниковой, к. э. н., доц. С. В. Домниной] |
|
| 210 |
_aСамара _cАс Гард _d2013 |
||
| 215 |
_a69 с. _cил. _d21 |
||
| 300 | _aВ надзаг.: Негос. образоват. учреждение высш. проф. образования "Самар. ин-т - высш. шк. приватизации и предприниметельства" | ||
| 320 | _aБиблиогр. в конце ст. | ||
| 606 | 1 |
_aКорпорации _jСъезды, совещания и т.п _xУправление _yРоссийская Федерация _92145838 _3RU\NLR\AUTH\661292825 |
|
| 675 | _a005.5(082) | ||
| 686 | 1 | _aУ21(2)25(2Р)я431 | |
| 702 | 1 |
_aОвчинникова _bН. В. _gНаталья Викторовна _4340 |
|
| 712 | 0 | 2 |
_4570 _aСамарский институт - Высшая школа приватизации и предпринимательства _9853488 _3RU\NLR\AUTH\8810178690 |
| 801 | 0 |
_aRU _bRuMoRKP _c20140331 _gRCR |
|
| 801 | 2 |
_aRU _bРГБ _c20140418 _grcr |
|
| 942 | _cBOOK | ||
| 980 | _aNBR | ||